1278 1805 1883 1130 1737 1355 1182 1684 1311 1967 1763 1452 1791 1854 1554 1059 1121 1625 1243 1254 1760 1856 1339 1014 1977 1654 1741 1787 1635 1738 1474 1022 1663 1601 1402 1885 1464 1104 1280 1454 1099 1997 1213 1372 1423 1037 1908 1494 1706 1475 1950 1271 1100 1218 1494 1638 1781 1433 1417 1842 1915 1739 1938 1393 1327 1753 1228 1690 1399 1710 1581 1486 1981 1354 1725 1238 1073 1462 1209 1655 1723 1813 1431 1279 1411 1724 1336 1353 1129 1715 1902 1493 1931 1988 1809 1676 1049 1481 1993 BCNSPRNW ULIB Ver.6.0+V

เปลี่ยนเป็นภาษาไทย

Change to English
 แสดงรายละเอียดบรรณานุกรม
  กลับหน้าหลัก

Brief Record : Get Marc (ISO 2709) : E-mail record : QR code < ปิดหน้าต่าง
LEADER : 00000nam 2200000uu 4500
001    13399123483
003     ULIB
008    020711s2557 th a 000 0 tha d
020    9786162794209
060    WI400^bส826M
110    สมาคมแพทย์ระบบทางเดินอาหารแห่งประเทศไทย
245    Malabsorption Syndrome/^cบรรณาธิการ ; สุพจน์ พงศ์ประสบชัย,พิเศษ พิเศษพงษา,ทยา กิติยากร,องอาจ ไพรสณฑรางกูร
250    พิมพ์ครั้งที่ 1
260    กรุงเทพฯ :^bสมาคมแพทย์ระบบทางเดินอาหารแห่งประเทศไทย,^c2557
300    286 หน้า;^b22 ซม.
650    ลำไส้
650    การดูดซึมอาหาร ^xบกพร่อง
700    สุพจน์ พงศ์ประสบชัย
700    พิเศษ พิเศษพงษา
700    ทยา กิติยากร
700    องอาจ ไพรสณฑรางกูร
945    ^p500^l0^i20837
945    ^p500^l0^i20838
รายการนี้ยังไม่มีแท็ก
คุณยังไม่ได้ล็อกอิน คุณสามารถมีกิจกรรมร่วมกับเว็บไซต์ได้ แต่ต้องล็อกอินก่อน ::
  ล็อกอิน

รายการสื่อสารสนเทศ

ลำดับที่ ประเภท เลขเรียก/บาร์โค้ด สถานที่ สถานะ
1. วิทยาศาสตร์การแพทย์ และสุขภาพ
วิทยาศาสตร์การแพทย์ และสุขภาพ
สถานะ=หนังสือเก่า
WI400 ส826M ฉ.1 
  Barcode: 20837
ห้องสมุดวิทยาเขตนครสวรรค์
►ส่วนจัดเก็บหนังสือเก่า นว.
บนชั้น
  ขอยืม
2. วิทยาศาสตร์การแพทย์ และสุขภาพ
วิทยาศาสตร์การแพทย์ และสุขภาพ
สถานะ=หนังสือเก่า
WI400 ส826M ฉ.2 
  Barcode: 20838
ห้องสมุดวิทยาเขตนครสวรรค์
►ส่วนจัดเก็บหนังสือเก่า นว.
บนชั้น
  ขอยืม

รายการใกล้เคียง
    หัวเรื่อง [ลำไส้]

BibComment


ยังไม่เคยถูกคอมเมนท์

คอมเมนท์ทรัพยากรรายการนี้
  คอมเมนท์: Malabsorption Syn..


 Copyright 2026. Bcnsprnw @Library